Statistiques concernant contes d'andersen

Cliquez ici pour prendre le quiz!

Statistiques générales

  • Ce quiz a été pris 31 fois
  • Le résultat moyen est 6 sur 38

Statistiques - réponses

Réponse% Correct
la petite sirène
93%
la petite fille aux allumettes
57%
la reine des neiges
54%
le vilain petit canard
54%
le briquet
29%
le sapin
21%
les fleurs de la petite Ida
21%
l'invalide
21%
tante mal aux dents
21%
une histoire des dunes
21%
elle n'était bonne à rien
18%
la bergère et le ramoneur
18%
le rossignol
18%
les cygnes sauvages
18%
la cloche
14%
les nouveaux habits de l'empereur
11%
le vaillant soldat de plomb
11%
l'ombre
11%
une peine de coeur
11%
la goutte d'eau
7%
le bonhomme de neige
7%
le crapaud
7%
les bougies
7%
ce qu'on peut inventer
4%
chaque chose à sa place
4%
en regardant par une fenêtre a vartou
4%
la clef sur la porte d'entrée
4%
la princesse sur le poids
4%
le faux col
4%
le grand serpent de mer
4%
le jardinier et ses maitres
4%
le lutin chez le charcutier
4%
un caractère gai
4%
ce que racontait la vieille johanne
0%
le bonheur peut se trouver dans un bout de bois
0%
le moulin à vent
0%
le vent raconte l'histoire de Valdemar daae et de ses filles
0%
une image vue depuis le rempart de la citadelle
0%

Distribution des résultats

Percentile par nombre de réponses

% des personnes avec chaque résultat

Votre développement - résultats

Vous n’avez pas pris ce quiz